Evaluacija anketiranja različitih grupa respondenata pomoću tri nivoa agregacije

Salvato in:
Dettagli Bibliografici
Autore principale: Hudec, Miroslav, 1969-
Natura: Capitolo di libro
Lingua:serbo
Soggetti:
Tags: Aggiungi Tag
Nessun Tag, puoi essere il primo ad aggiungerne!!

MARC

LEADER 00000naa$a2200000$$$4500
001 0253581
005 20240502083725.4
041 0 |a srp 
044 |a RS 
245 1 0 |a Evaluacija anketiranja različitih grupa respondenata pomoću tri nivoa agregacije  |c Miroslav Hudec 
610 2 0 |a agregácia 
610 2 0 |a dotazníky 
100 1 |a Hudec, Miroslav, 1969-